| 000 | 00574nam a2200169Ia 4500 | ||
|---|---|---|---|
| 008 | 130821s1999 ck gr spa | ||
| 040 |
_aCo-BoUCM _bspa |
||
| 041 | 0 | 0 | _aspa |
| 110 | _aBogotá . Alcaldía Mayor | ||
| 245 | 0 | 0 |
_aBogotá Guía turística _cAlcaldía Mayor de Bogotá |
| 260 |
_aBogotá (Colombia) _bTourist guide _c[fecha desconocida] |
||
| 300 | _a2 volúmenes | ||
| 650 | 0 | 4 |
_aHistoria de Colombia _926508 |
| 651 |
_aBogotá (Colombia) _xDescripciones y viajes |
||
| 942 |
_cLIBRO _a21 _e1 _mB675b _2DEWEY _h918.614 |
||
| 999 |
_c30303 _d30303 |
||